000 00635nam a2200205 a 4500
001 000009980
005 20240412074214.0
008 091002s2006 dr r 001 p spa d
040 _aDO-SdBNP
_bspa
_cBNPHU
082 _aRD861.44
_bM516b, 2006
100 1 _aMejía Vásquez, Norberto,
_d1964-
_924923
245 1 3 _aEl buen amor entre poemas /
_cNorberto Mejía Vásquez.
250 _a2a ed.
260 _aSanto Domingo
_aBúho,
_c2006.
300 _a124 p. ;
_c22 cm.
590 _aInventariado, 2018/BT
650 0 _aPoesía dominicana
_966
650 0 _aLiteratura dominicana.
_967
910 _aValidado. Control de calidad. MMOLINA
999 _c9739
_d9739